000 00791namaa22001811 4500
001 174019
003 ES-MaACL
005 20231223063115.0
008 100205s1889 sp |||| | spa d
100 1 _aDicenta, Joaquín,
_d1863-1917
_944474
245 1 3 _aLa mejor ley
_b: drama en tres actos y en verso /
_coriginal de Joaquín Dicenta.
260 _aMadrid :
_b[s.n.],
_c1889 (
_fImp. de José Rodriguez)
300 _a96 p. ;
_c19 cm.
500 _aDe la "Admon. lirico-dramática"
500 _aEn port.: Estrenado en el teatro Español, con extraordinario aplauso, la noche del 2 de enero de 1889.
852 _aES-MaACL
_jF-8645(1)
_z.- Enc. hol
_z.- Enc. en un vol. facticio formando parte de la col. facticia "Teatro español moderno" v. 102
999 _c174019
_d174019